00501nam a2200193 a 4500001001300000003000900013005001700022008004100039020001000080082001600090100001700106245003700123260003500160300000800195500003500203505003400238650001800272700001700290nice12345678IN_TiNIC20260116012140.0050524s1970 newa grp 000 0 eng  ac10000a270.82bJAM aJameson, Vic aWhat Does God Required of Us Now aNew YorkbAbingdon Pressc1970 a43p aincludes index and biblioraphy2 aAppendex, Bibliography, Index aEcumenicalism1 aJameson, Vic